我們並不知道 : 金宇澄散文

資料類型: Book 圖書   書目號:51162

Leader xxxxxxxxxx
001 __ 102473/4/01
005 __ 20170410105905.947
010 0_ |a978-986-92139-1-2|b平裝|d新臺幣380元
042 __ |anbic
100 __ |a20170410d2017    m  y0chiy50      e
101 0_ |achi
102 __ |atw
105 __ |aa   z   000cy
200 1_ |a我們並不知道|e金宇澄散文|f金宇澄著
205 __ |a初版
210 __ |a臺北市|c東美出版|a[新北市新莊區]|c大和總經銷|d2017[民106]
215 0_ |a324面|c部份彩圖|d21公分
300 __ |a附錄:1.插圖與回憶-答<<城市中國>>袁菁問;2.貓魚對談-關於紊亂的一代、編輯、寫作種種
517 1_ |a金宇澄散文|zchi
700 _1 |a|b宇澄|4681 __ |a855|b8643
801 _0 |atw|bLibDipper|c20170410|gCCR
詳細館藏(共 1 筆)
索 書 號登 錄 號冊次號館別 / 館藏地流通類型狀態加入預約清單電子資源
855 / 8643 1024734  圖書館 / 一樓普通區 可外借30天 在館   

| 條列資料




目錄查詢 分類查詢 個人資料 圖書薦購 新書查詢 閉館日 排行榜 更多電子資源 Hami書城 線上資料庫 登出

From : 216.73.217.87

  本日流通累計至 21:52:33 借閱 : 1 次 續借 : 0 次 歸還 : 2 次 預約 : 0 次 電子資源 : 0 次


內湖高中圖書館  PCLIS 版本  26.5.0.12